Top 10 NBA Point Guards 2025 - Statistics

General Stats
  • This quiz has been taken 749 times
  • The average score is 8 of 10
Answer Stats
# Answer % Correct
3 Stephen Curry
97%
1 Luka Doncic
94%
2 Shai Gilgeous-Alexander
91%
8 Damian Lillard
80%
4 Jalen Brunson
78%
6 Tyrese Haliburton
72%
9 Trae Young
71%
7 Ja Morant
65%
5 Devin Booker
60%
10 Tyrese Maxey
59%
No matching quizzes found
Score Distribution
Percent of People with Each Score
Percentile by Number Answered
Your Score History
You have not taken this quiz